Minnesota A-Z - Statistics

General Stats
  • This quiz has been taken 48 times
  • The average score is 15 of 26
Answer Stats
Hint Answer % Correct
D City located on Lake Superior Duluth
97%
M Largest city in the state Minneapolis
97%
C Minnesota and the USA's friendly neighbor to the north Canada
92%
L State nickname: "Land of 10,000 _____" Lakes
90%
P Pop/rock singer born in Minnesota Prince
87%
R City home to Mayo Clinic Rochester
87%
B 5th largest city, home to the Mall of America Bloomington
85%
T National retailer that is headquarted in Minnesota Target
74%
W Minnesota's hockey team Wild
72%
J Minnesota's famous burger Juicy Lucy
67%
V The wrestling governor Ventura
64%
A City home to the spam museum Austin
51%
H Type of apple that was founded in the state Honey crisp
51%
X Stadium where Minnesota's hockey team plays Xcel Energy Center
51%
O City in south Minnesota, about an hour away from the twin cities Owatonna
49%
Z Como, Minnesota, Oxbow. What are these? Zoo
49%
F What was once a military base is now a tourist attraction Fort Snelling
46%
Q Common mining sites throughout the state, you can even swim in some Quarries
44%
Y Minnesotan phrase for "for sure" You Betcha
41%
E Highest point in the state Eagle Mountain
38%
K Minnesota senator Klobuchar
38%
S Bridge that sits in the downtown of M, "_____ Arch Bridge" Stone
33%
U A word that is jokingly considered part of the "Minnesotan language" Uffda
28%
I Tallest building in the state IDS Center
23%
G Minnesota has the highest rate of these per capita (hint: it has to do with a sport) Golfers
21%
N Island on the Mississippi River that's located in the downtown of M Nicollet Island
15%
No matching quizzes found
Score Distribution
Percent of People with Each Score
Percentile by Number Answered
Your Score History
You have not taken this quiz